Normal view MARC view
  • González Blackaller, Ciro E.

Entry Nombre Personal

Number of records used in: 41

001 - NUMERO DE CONTROL

  • campo de control: 28542

003 - IDENTIFICADOR DE NUMERO DE CONTROL

  • campo de control: MX-MxUPN

005 - FECHA Y HORA DE LA ÜLTIMA TRANSACCIÓN

  • campo de control: 20220523132810.0

008 - DATOS DE LONGITUD FIJA

  • campo de control de longitud fija: nabaccnnaabn|||||||||| b |nc|||||d

035 ## - NUMERO DE CONTROL

  • Número de control: UPN11000000648

040 ## - FUENTE DE CATALOGACIÓN

  • Agencia original de catalogación: MX-MxUPN
  • Lenguaje de catalogación: spa
  • Agencia de transcripción: MX-MxUPN

100 1# - ENCABEZAMIENTO - NOMBRE PERSONAL

  • Nombre personal: González Blackaller, Ciro E.

400 1# - VEÁSE - NOMBRE DE PERSONA

  • Personal name: González Blackaller, Ciro Eduardo

400 1# - VEÁSE - NOMBRE DE PERSONA

  • Personal name: González Blackaller, C.

400 1# - VEÁSE - NOMBRE DE PERSONA

  • Personal name: González B., Ciro Eduardo

400 1# - VEÁSE - NOMBRE DE PERSONA

  • Personal name: González Blackaller, C. E.

400 1# - VEÁSE - NOMBRE DE PERSONA

  • Personal name: González, Ciro Eduardo

400 1# - VEÁSE - NOMBRE DE PERSONA

  • Personal name: González Blackaller, Ciro Eduardo

400 1# - VEÁSE - NOMBRE DE PERSONA

  • Personal name: González Blackaller, Ciro

670 ## - FUENTE EN LA QUE SE LOCALIZARON DATOS

  • Cita de la fuente: Nuestra tierra : relatos sobre geografía humana de México, 1945:
  • Información localizada: portada (Ciro Eduardo González B.)

670 ## - FUENTE EN LA QUE SE LOCALIZARON DATOS

  • Cita de la fuente: Academias de historia universal : primer curso de segunda enseñanza : aprobadas por la Sría. de Educación Pública, 1949:
  • Información localizada: portada (Ciro Eduardo González)

670 ## - FUENTE EN LA QUE SE LOCALIZARON DATOS

  • Cita de la fuente: Síntesis de historia de México : primer curso, 1955:
  • Información localizada: portada (Ciro E. González Blackaller)

670 ## - FUENTE EN LA QUE SE LOCALIZARON DATOS

  • Cita de la fuente: Academias de historia de México : segundo grado, 1966:
  • Información localizada: portada (C. E. González Blackaller)

670 ## - FUENTE EN LA QUE SE LOCALIZARON DATOS

  • Cita de la fuente: Geografía general dinámica : física y humana, 1966:
  • Información localizada: portada (Ciro Eduardo González Blackaller)

670 ## - FUENTE EN LA QUE SE LOCALIZARON DATOS

  • Cita de la fuente: Síntesis de historia de México : 2o. curso para la 2a. enseñanza, 1966:
  • Información localizada: portada (C. González Blackaller)

670 ## - FUENTE EN LA QUE SE LOCALIZARON DATOS

  • Cita de la fuente: Síntesis de historia universal, 1968:
  • Información localizada: portada (Ciro González Blackaller)

902 ## - CATALOGADOR

  • Catalogador: DAA/161107

902 ## - CATALOGADOR

  • Catalogador: VRC/230522